To enjoy Him forever / (Record no. 3544)

MARC details
000 -LEADER
fixed length control field 00464nam a22001817a 4500
003 - CONTROL NUMBER IDENTIFIER
control field GBCCL
005 - DATE AND TIME OF LATEST TRANSACTION
control field 20241126110457.0
008 - FIXED-LENGTH DATA ELEMENTS--GENERAL INFORMATION
fixed length control field 171129b xxu||||| |||| 00| 0 eng d
020 ## - INTERNATIONAL STANDARD BOOK NUMBER
International Standard Book Number 978-0-9626908-0-8
040 ## - CATALOGING SOURCE
Transcribing agency gbc
082 ## - DEWEY DECIMAL CLASSIFICATION NUMBER
Classification number 248
Item number WEB
100 ## - MAIN ENTRY--PERSONAL NAME
Personal name Weber, Malcolm
9 (RLIN) 7088
245 ## - TITLE STATEMENT
Title To enjoy Him forever /
Statement of responsibility, etc. Malcolm Webber
260 ## - PUBLICATION, DISTRIBUTION, ETC.
Place of publication, distribution, etc. Elkhart:
Name of publisher, distributor, etc. Strategic Press,
Date of publication, distribution, etc. 1991
300 ## - PHYSICAL DESCRIPTION
Extent 152p.;
Dimensions 23 cm.
650 ## - SUBJECT ADDED ENTRY--TOPICAL TERM
Topical term or geographic name entry element Christian life
9 (RLIN) 183
942 ## - ADDED ENTRY ELEMENTS (KOHA)
Source of classification or shelving scheme Dewey Decimal Classification
Koha item type Books
Holdings
Withdrawn status Lost status Source of classification or shelving scheme Damaged status Not for loan Home library Current Library Shelving location Date acquired Total checkouts Full call number Barcode Date last seen Copy number Price effective from Koha item type
    Dewey Decimal Classification     GRACE BIBLE COLLEGE GRACE BIBLE COLLEGE Ministry & Mission 2017-11-29   248 WEB 014065 2025-05-01 c.1 2017-11-29 Books
    Dewey Decimal Classification     GRACE BIBLE COLLEGE GRACE BIBLE COLLEGE Ministry & Mission 2018-04-30   248 WEB 014658 2025-05-01 c.2 2018-04-30 Books
© Grace Bible College Library 2025